| 000 | 01227nam a2200217Ia 4500 | ||
|---|---|---|---|
| 003 | Ost | ||
| 005 | 20260507075743.0 | ||
| 008 | 260507s9999||||xx |||||||||||||| ||und|| | ||
| 020 | _a2123103977 | ||
| 040 | _cfsecg | ||
| 041 | _aara | ||
| 082 | _a330 | ||
| 100 |
_aحسن، سوزان علي _eمؤلف |
||
| 245 | 0 |
_aالوجيز في القانون التجاري : _bنظريات الاعمال التجارية- نظرية التاجر- الشركات التجارية- الاوراق التجارية / _c سوزان علي حسن |
|
| 260 |
_aالإسكندرية: _bمنشأة المعارف, _c2004 |
||
| 300 |
_a241 صفحة؛ _bإيضاحات ؛ _c24 سم |
||
| 490 | _aالكتب القانونية | ||
| 520 | _aنظرية الأعمال التجارية- الفرق بين العمل التجاري والعمل المدني- أنواع الاعمال التجارية-نظرية التاجر- المفهوم القانوني للتاجر- الشركات التجارية- إلتزمات التاجر- الأحكام الخاصة بالشركات التجارية- أنواع الشركات- الاوراق التجارية و الإفلاس. | ||
| 653 | _aالقانون التجاري | ||
| 942 | _cكتاب | ||
| 999 |
_c46164 _d46164 |
||